000 00855ntm a22002177a 4500
005 20170810143737.0
008 170802s2014 xx a frb 000 0 eng d
040 _aEG-ScBUE
_beng
_cEG-ScBUE
082 0 4 _222
_a624
_bOKA
100 1 _aOkasha, Abdelrhman Hisham.
245 1 0 _aResponse modification factor for reinforced masonry structural walls :
_bsystem level v. component level /
_cAbdelrhman Hisham Okasha.
260 _c2014.
300 _axi. 69 p . :
_bill . (col.) ;
_c28 cm.
500 _aA dissertation submitted to the faculty of engineering, The British University in Egypt, in partial fulfillment of the requirements for the bachelor degree in civil engineering.
590 _anaira
650 _2BUEsh
_aCivil engineering
_vProjects
653 _bENGCIV
_cAugust2017
655 _vSPRO
700 1 _aShedid, Marwan.
_eths
942 _2ddc
999 _c25323
_d25295